| 000 | 00601nam a2200181Ia 4500 | ||
|---|---|---|---|
| 008 | 090124s9999 xx 000 0 und d | ||
| 082 | _b15818 | ||
| 100 | _aसरदेसाई लक्ष्मणराव | ||
| 245 | _a बिजेची कोर | ||
| 250 | _a1 | ||
| 260 |
_bसन पब्लिकेशन्स _c1982 |
||
| 300 | _a162 | ||
| 600 | _aसरदेसाई लक्ष्मणराव | ||
| 630 | _a बिजेची कोर | ||
| 700 | _aसरदेसाई लक्ष्मणराव | ||
| 730 | _a बिजेची कोर | ||
| 942 | _cBOOK | ||
| 999 |
_c88476 _d88476 |
||